| Tag |
First Indicator |
Second Indicator |
Subfields |
| LEADER |
00000cim a2200000Ia 4500 |
| 001 |
in00002748839 |
| 005 |
20151202170822.0 |
| 007 |
sd fungnn|||ee |
| 008 |
120514s2007 txunnnn t n spa d |
| 035 |
|
|
|a (OCoLC)ocn793529895
|
| 035 |
|
|
|a (OCoLC)793529895
|
| 040 |
|
|
|a TXA
|c TXA
|d UtOrBLW
|
| 043 |
|
|
|a s-ag---
|
| 049 |
|
|
|a TXAM
|
| 090 |
|
|
|a PQ7081.A1
|b C54 2007 no. 510
|
| 245 |
0 |
0 |
|a Lectura de textos.
|
| 264 |
|
1 |
|a [Place of publication not identified] :
|b [publisher not identified] ;
|c [2007]
|
| 300 |
|
|
|a 1 sound disc (55 min., 20 sec.) :
|b digital ;
|c 4 3/4 in.
|
| 306 |
|
|
|a 005520
|
| 336 |
|
|
|a spoken word
|b spw
|2 rdacontent
|
| 337 |
|
|
|a audio
|b s
|2 rdamedia
|
| 338 |
|
|
|a audio disc
|b sd
|2 rdacarrier
|
| 490 |
1 |
|
|a Colección Los Palabristas ;
|v 510
|
| 500 |
|
|
|a Recordable compact disc.
|
| 518 |
|
|
|a Originally broadcast from Buenos Aires, Argentina on September 20, 1999 as a segment of the radio program Los Palabristas.
|
| 520 |
|
|
|a Esteban Peicovich goes on a poetic rant about contemporary values. He reads a poem by British writer John Berger and one of his articles entitled Empujar la Roca.
|
| 534 |
|
|
|p Reproduction.
|t Lectura de textos.
|c [1999]
|e 1 sound cassette : analog.
|
| 500 |
|
|
|a Converted with permission from sound cassette to compact disc by the Texas A&M University Libraries.
|
| 500 |
|
|
|a Sound recording.
|
| 600 |
1 |
0 |
|a Berger, John.
|
| 655 |
|
7 |
|a Literary readings (Radio programs)
|2 lcgft
|
| 700 |
1 |
|
|a Peicovich, Esteban,
|e host.
|
| 710 |
2 |
|
|a Texas A & M University.
|b Libraries.
|
| 730 |
0 |
|
|a Palabristas.
|
| 830 |
|
0 |
|a Colección Los Palabristas ;
|v 510.
|
| 948 |
|
|
|a cataloged
|b h
|c 2012/5/16
|d o
|e jgreene
|f 12:19:56 pm
|
| 994 |
|
|
|a C0
|b TXA
|
| 999 |
|
|
|a MARS
|
| 999 |
f |
f |
|s 64e964b4-1c05-3ddb-a9e6-c8c82064bc6e
|i e9c82220-3766-324d-adb2-f66c80aade17
|t 0
|
| 952 |
f |
f |
|p noncirc
|a Texas A&M University
|b College Station
|c Cushing Memorial Library & Archives
|d Cushing: Area Studies/Hispanic (Does not check out)
|t 0
|e PQ7081.A1 C54 2007 no. 510
|h Library of Congress classification
|i audio -- audio disc
|m A14837890530
|
| 998 |
f |
f |
|a PQ7081.A1 C54 2007 no. 510
|t 0
|l Cushing: Area Studies/Hispanic (Does not check out)
|